| 000 | 01344cam a2200397 i 4500 | ||
|---|---|---|---|
| 001 | 18222552 | ||
| 003 | DT1972.L34 | ||
| 005 | 20250129110627.0 | ||
| 008 | 140626s2014 enkab b 000 0aeng | ||
| 010 | _a 2014431245 | ||
| 020 | _a9780241004012 (hbk.) | ||
| 020 | _a0241004012 (hbk.) | ||
| 020 | _a9780241014943 | ||
| 020 | _a0241014948 | ||
| 040 |
_aDLC _beng _erda _cDLC |
||
| 042 | _apcc | ||
| 043 | _af-sa--- | ||
| 050 | 0 | 0 |
_aDT1972.L34 _bA3 2014 |
| 100 | 1 |
_aLa Grange, Zelda, _eauthor. |
|
| 245 | 1 | 0 |
_aGood morning, Mr Mandela / _cZelda la Grange. |
| 264 | 1 |
_aLondon : _bAllen Lane, _c2014. |
|
| 300 |
_axv, 369 pages : _billustrations (some color), map ; _c24 cm |
||
| 336 |
_atext _btxt _2rdacontent |
||
| 337 |
_aunmediated _bn _2rdamedia |
||
| 338 |
_avolume _bnc _2rdacarrier |
||
| 504 | _aIncludes bibliographical references. | ||
| 600 | 1 | 0 |
_aLa Grange, Zelda _xFriends and associates. |
| 600 | 1 | 0 |
_aLa Grange, Zelda _xPolitical and social views. |
| 600 | 1 | 0 |
_aMandela, Nelson, _d1918-2013. |
| 600 | 1 | 0 |
_aMandela, Nelson, _d1918-2013 _xFriends and associates. |
| 651 | 0 |
_aSouth Africa _xPolitics and government _y1994- |
|
| 651 | 0 |
_aSouth Africa _xSocial conditions _y1994- |
|
| 906 |
_a7 _bcbc _corigres _d3 _encip _f20 _gy-gencatlg |
||
| 942 |
_2ddc _cBK |
||
| 999 |
_c4052 _d4052 |
||